000 00358nam a2200145Ia 4500
008 230312s9999||||xx |||||||||||||| ||und||
020 _a0-470-84949-5
082 _a621.382
_bDUB-W
100 _aDubendorf;Vern
245 0 _aWireless data technologies
260 _bJohn wiley
_aUSA
_c2003
300 _a232
650 _aEngineering
_vAvionics
942 _cBK
999 _c12426
_d12426